Um Trono para Irmãs (Livro N. 1)
Saved in:
| Main Author | |
|---|---|
| Format | Electronic eBook |
| Language | Czech |
| Published |
Lukeman Literary
2018
|
| Edition | 1. elektronické vydání |
| Subjects | |
| Online Access | Dostupné v BOOKPORT po přihlášení pomocí eduID |
| ISBN | 9781640294905 9781640294900 |
| Physical Description | 1 online zdroj (250 stran) |
Cover
| LEADER | 00000nam a2200000 i 4500 | ||
|---|---|---|---|
| 001 | bkp660003316 | ||
| 003 | CZ-prgp | ||
| 005 | 20210922093518.0 | ||
| 006 | m o d | ||
| 007 | cr cn | ||
| 008 | 210922s2018 xr o 000 1 cze | ||
| 020 | |a 9781640294905 |c 78 Kč |q (online ; epub) | ||
| 020 | |a 9781640294900 |c 78 Kč |q (print) | ||
| 040 | |a Grada |b cze |e rda | ||
| 100 | 1 | |a Morgan, Rice | |
| 245 | 1 | 0 | |a Um Trono para Irmãs (Livro N. 1) |c Rice Morgan |
| 250 | |a 1. elektronické vydání | ||
| 264 | 1 | |b Lukeman Literary |c 2018 | |
| 300 | |a 1 online zdroj (250 stran) | ||
| 336 | |a text |b txt |2 rdacontent | ||
| 337 | |a počítač |b c |2 rdamedia | ||
| 338 | |a online zdroj |b cr |2 rdacarrier | ||
| 520 | 3 | |a "Morgan Rice surgiu com o que promete ser mais uma série brilhante, submergindo-nos numa fantasia de valentia, honra, coragem, magia e fé no seu destino. Morgan conseguiu mais uma vez produzir um conjunto forte de personagens que nos faz torcer por eles em todas as páginas... Recomendado para a biblioteca permanente de todos os leitores que adoram uma fantasia bem escrita." -- Books and Movie Reviews, Roberto Mattos, (sobre a Ascensão dos Dragões) De Morgan Rice, Bestseller #1, chega uma nova série inesquecível de fantasia. Em UM TRONO PARA IRMÃS (Livro um), Sophia, 17, e a sua irmã mais nova Kate, 15, estão desesperadas para sair do seu orfanato horrível. Órfãs, indesejadas e mal-amadas, elas, ainda assim, sonham em chegar à maioridade noutro lugar, em encontrar uma vida melhor, mesmo se isso significar viver nas ruas da cidade brutal de Ashton. Sophia e Kate, também melhores amigas, apoiam-se uma à outra - e, ainda assim, querem coisas diferentes da vida. Sophia, uma romântica, mais elegante, sonha em entrar para a corte e encontrar um nobre por quem se apaixonar. Kate, uma lutadora, sonha em dominar a espada, em combater dragões, e em se tornar uma guerreira. Ambas estão unidas, porém, pelo seu poder secreto e paranormal de ler as mentes dos outros, a sua única graça de salvação num mundo que parece inclinado a destruí-las. À medida que cada uma delas embarca numa missão e se aventura à sua própria maneira, elas lutam por sobreviver. Confrontadas com escolhas que nenhuma delas podia imaginar, as suas escolhas podem impulsioná-las para o maior poder - ou mergulhá-las para as profundezas. UM TRONO PARA IRMÃS é o primeiro livro de uma deslumbrante nova série de fantasia repleta de amor, desgosto, tragédia, ação, magia, feitiçaria, destino e suspense de tirar o fôlego. Um livro que não se quer parar de ler, ele é preenchido com personagens que vão fazer com que você se apaixone, e com um mundo que você nunca vai esquecer. Livro n.º 2-UMA CORTE PARA LADRÕES-será publicado brevemente. "Uma ação carregada de fantasia que irá certamente agradar aos fãs das histórias anteriores de Morgan rice, juntamente com os fãs de trabalhos tais como O Ciclo da Herança de Christopher Paolini...Fãs de ficção para jovens adultos irão devorar este último trabalho de Rice e suplicar por mais." --The Wanderer, A Literary Journal (sobre a Ascensão dos Dragões) | |
| 650 | 0 | 4 | |a Young Adult, New Adult |
| 856 | 4 | 0 | |u https://www.bookport.cz/AccountSaml/SignIn/?idp=https://shibboleth.utb.cz/idp/shibboleth&returnUrl=/kniha/um-trono-para-irmas-livro-n-1-9434/ |y Dostupné v BOOKPORT po přihlášení pomocí eduID |